常用漢字百選 - Statistics

General Stats
  • This quiz has been taken 162 times
  • The average score is 27 of 100
Answer Stats
Hint Answer % Correct
2
84%
20
73%
30
70%
27
67%
35
58%
75
58%
4
56%
8
56%
44
55%
3
53%
13
53%
1
50%
49
44%
31
43%
60
43%
32
41%
15
40%
50
40%
9
39%
52
39%
65
39%
16
38%
38
38%
39
38%
18
36%
36
36%
79
36%
26
35%
14
34%
25
34%
5
33%
7
33%
10
33%
28
33%
47
33%
11
32%
34
31%
6
30%
21
29%
29
27%
37
27%
83
27%
12
26%
69
26%
84
26%
96
26%
17
24%
24
24%
33
24%
40
24%
54
24%
63
24%
74
24%
19
23%
78
23%
48
22%
72
22%
56
21%
61
21%
71
21%
97
21%
22
20%
59
20%
43
19%
88
19%
45
18%
55
18%
99
18%
51
17%
70
17%
23
16%
42
16%
77
16%
90
16%
82
15%
46
14%
80
14%
95
14%
57
13%
58
13%
62
13%
66
13%
67
13%
86
13%
41
12%
89
12%
68
11%
73
11%
76
11%
81
10%
94
10%
98
10%
85
9%
92
8%
93
7%
53
6%
64
6%
87
6%
100
6%
91
1%
No matching quizzes found
Score Distribution
Percent of People with Each Score
Percentile by Number Answered
Your Score History
You have not taken this quiz